| 000 | 00957nam a22003137a 4500 | ||
|---|---|---|---|
| 001 | BR2016002531 | ||
| 003 | BR-BrBNA | ||
| 005 | 20230928104913.0 | ||
| 007 | ta | ||
| 008 | 230509b bl.||||| |||| 00| 0 por d | ||
| 040 |
_aBR-BrBNA _bpor _cBiblioteca Nacional de Agricultura |
||
| 041 | _a(Por) | ||
| 072 |
_aF01 _b1950 |
||
| 090 | _ 1950 BR2016002531 | ||
| 100 | 1 | _aFilizola, B. de C. | |
| 110 | 1 |
_aInstituto Sociedade, População e Natureza, Brasília, DF (Brasil) _96580 |
|
| 110 | 1 | _aEMBRAPA Recursos Genéticos e Biotecnologia, Brasília, DF (Brasil) | |
| 245 | 1 | _aBoas práticas de manejo para o extrativismo sustentável da Fava D'anta | |
| 260 | 3 |
_aBrasília, DF (Brasil): _c2013. |
|
| 300 | _a76 p. | ||
| 500 | _a22 ref.; 48 illus | ||
| 650 | _aHISTÓRIA | ||
| 650 | _aPLANTIO | ||
| 650 | _aDIMORPHANDRA MOLLIS | ||
| 650 | _aFAVEIRA | ||
| 650 | _aLEGUMINOSA FORRAGEIRA | ||
| 909 |
_a202309 _bLucia _c55 _dLucia Elande |
||
| 942 | _cBK | ||
| 999 |
_c82359 _d82359 |
||